000 00825nam a2200277 i 4500
001 bg
100 1 _aKOC, Stanisław
245 1 0 _aBilans 2004 /
_cStanisław Koc, Teresa Fołta, Jadwiga Godlewska.
260 _aWarszawa :
_b"Infor",
_ccop. 2005.
300 _a653, [1] s. :
_btab. ;
_c24 cm.
490 1 _aBiblioteka Profesjonalistów ;
_v9
500 _aNa grzbiecie akronim serii: BP.
504 _aIndeks.
650 9 _aFinanse
_xsprawozdawczość
_xprawo
_zPolska
_ystan na 2004 r.
655 _aPodręczniki
700 1 _aFOŁTA, Teresa
700 1 _aGODLEWSKA, Jadwiga
830 _aBiblioteka Profesjonalistów ;
020 _a8389385678
040 _cBPK
041 0 _apol
080 _a346.52:347.728.1](438)
920 _a83-89385-67-8
942 _cKS
008 s pl f |000 0 pol
999 _c45294
_d45294
856 _uhttp://koha.tu.koszalin.pl/cgi-bin/koha/opac-detail.pl?biblionumber=45294
_yKatalog online BPK